000 01335nam a2200373 c 4500
003 BLK
005 20250801164827.0
008 180411b bul|||||r ||||||| ||bul||
010 _aKNG00214951000
020 _a978-954-655-800-8
_bиздат.: Бард
040 _aBLK
041 _aBUL
_cBUL
072 7 _2bullib
_aН8301
_xТрилъри Н
080 _aАмериканска литература (на САЩ)
_b821.111(73)
_x-312.4
_z821.111(73)-312.4
100 1 _aБраун, Дан
_eпърви автор
_9374251
700 1 _aБъчваров, Крум Ернстов
_eпрев.
_9365175
139 _aБраун, Дан
_bБ 78
245 1 0 _aПроизход
_bРоман
_cДан Браун; прев. Крум Ернстов Бъчваров.
257 _aUSA
260 София
_bБард
_c2017
_fСофия : Алианс принт
300 _a528 с.
_c21 см
380 _aX
490 1 _aКралете на трилъра
500 _aОриг. загл. Origin / Dan Brown.
653 _aтрилъри
653 _aромани
659 _aН
852 _aЦб 288552
856 4 _qpdf
_u
856 4 _qpdf
_u
942 _cKNG
_n0
_0234
944 _aCR
_c17.12.2017
_lЦветелина Шанова
_k30531
944 _aED
_c21.02.2018
_lф /
_kЛюдмила_Стоянова
999 _c205346
_d205346